000 00532nam a22001937a 4500
003 OSt
005 20150425132948.0
008 150425b xxu||||| |||| 00| 0 eng d
020 _a9780071455466
040 _cDDC
082 _222nd ed.
_a530.1 MCM 2006
100 _aMcmahon, David
_94184
245 _aQuantum mechanics demystified.
260 _aNew York;
_bMcgraw-hill,
_c2006
300 _axi,393p;
_bill:
_c23cm
504 _aAnswers, references, & index included
650 _aQuantum mechanics
_94185
942 _2ddc
_cO_SHELF
999 _c1579
_d1579